|
|
|
|
| LEADER |
00824nab#a2200301#ar4500 |
| 001 |
000000543 |
| 003 |
SVKKK |
| 005 |
00000000000000.0 |
| 008 |
c xo e sloo |
| FMT |
|
|
|
| 038 |
|
|
|a SVKKK
|
| 040 |
|
|
|a SVKKK
|b slo
|e AACR2
|
| 041 |
0 |
|
|a slo
|
| 044 |
|
|
|a xo
|c SK
|
| 080 |
|
|
|a 061.2
|2 1981
|
| 080 |
|
|
|a 553.
|2 1981
|
| 100 |
1 |
|
|a Franko, O.
|4 aut
|
| 245 |
1 |
0 |
|a Zasadanie komisie pre minerálne a termálne vody v Bojniciach
|c Franko O.,
|
| 300 |
|
|
|b Fotogr. 1
|
| 650 |
0 |
4 |
|a Medzinárodná hydrogeologická spoločnos
|x Komisia pre minerálne a termálne vody (IAH-CMTW)>
|x zasadanie
|z Bojnické kúpele
|x 25.-30.9.1994
|x informácie
|
| 773 |
0 |
|
|t Geo vestník
|x 0369-2086
|
| 958 |
|
|
|a MS
|
| 958 |
|
|
|a NP
|
| 974 |
|
|
|d 950725
|a 246
|
| 992 |
|
|
|a RBX
|
| BAS |
|
|
|
| 852 |
|
|
|a SVKKK
|b BIB
|
| 998 |
|
|
|a GEO
|